The noble scholar, jurist, historian


 His Excellency Dr. Abdul Wahhab bin Ibrahim Abu Sulaiman, may Allah have mercy on him.


 He was born in Umm Al-Qura in the year 1356 AH.

حوار في بنيوية الفن والعمارة = (Record no. 5457)

MARC details
000 -LEADER
fixed length control field 02407cam a2200457 i 4500
003 - CONTROL NUMBER IDENTIFIER
control field SA-RiAUC
005 - DATE AND TIME OF LATEST TRANSACTION
control field 20250130080723.0
008 - FIXED-LENGTH DATA ELEMENTS--GENERAL INFORMATION
fixed length control field 250128s1995 xxko g 001 0 ara c
020 ## - INTERNATIONAL STANDARD BOOK NUMBER
International Standard Book Number 1855132532
020 ## - INTERNATIONAL STANDARD BOOK NUMBER
Canceled/invalid ISBN 18551325321
024 0# - OTHER STANDARD IDENTIFIER
Standard number or code 00000000807431
040 ## - CATALOGING SOURCE
Original cataloging agency LB-BrLEU
Language of cataloging ara
Transcribing agency SA-RiAUC
Modifying agency AE-DuMBRL
Description conventions rda
050 #4 - LIBRARY OF CONGRESS CALL NUMBER
Item number J33 1995
050 14 - LIBRARY OF CONGRESS CALL NUMBER
Item number J32 1995
050 #4 - LIBRARY OF CONGRESS CALL NUMBER
Item number J33 1995
082 04 - DEWEY DECIMAL CLASSIFICATION NUMBER
Classification number 720.1
Assigning agency SA-RiAUC
090 ## - LOCALLY ASSIGNED LC-TYPE CALL NUMBER (OCLC); LOCAL CALL NUMBER (RLIN)
Classification number (OCLC) (R) ; Classification number, CALL (RLIN) (NR) 720.1
Local cutter number (OCLC) ; Book number/undivided call number, CALL (RLIN) ج ا د
100 1# - MAIN ENTRY--PERSONAL NAME
Personal name الجادرجي، رفعت،
Dates associated with a name 1926-
Relator term مؤلف.
245 10 - TITLE STATEMENT
Title حوار في بنيوية الفن والعمارة =
Remainder of title Dialogue on the structure of art and architecture /
Statement of responsibility, etc. رفعت الجادرجي.
246 31 - VARYING FORM OF TITLE
Title proper/short title Dialogue on the structure of art and architecture
246 30 - VARYING FORM OF TITLE
Title proper/short title الفن والعمارة
250 ## - EDITION STATEMENT
Edition statement الطبعة الأولى.
264 #1 - PRODUCTION, PUBLICATION, DISTRIBUTION, MANUFACTURE, AND COPYRIGHT NOTICE
Place of production, publication, distribution, manufacture لندن ؛
-- بيروت :
Name of producer, publisher, distributor, manufacturer رياض الريس للكتب والنشر،
Date of production, publication, distribution, manufacture, or copyright notice 1995.
300 ## - PHYSICAL DESCRIPTION
Extent 392 صفحة :
Other physical details صور ؛
Dimensions 22 × 15 سم
336 ## - CONTENT TYPE
Content type term نص
Content type code txt
Source rdacontent
Materials specified كتاب
337 ## - MEDIA TYPE
Media type term بدون وسيط
Media type code n
Source rdamedia
338 ## - CARRIER TYPE
Carrier type term مجلد
Carrier type code nc
Source rdacarrier
500 ## - GENERAL NOTE
General note كشافات : صفحة 385-392.
504 ## - BIBLIOGRAPHY, ETC. NOTE
Bibliography, etc. note يشتمل على كشافات.
520 ## - SUMMARY, ETC.
Summary, etc. يتناول كتاب (حوار في بنيوية الفن والعمارة) والذي قام بتأليفه (رفعت الجادرجي) في حوالي (392) صفحة من القطع المتوسط موضوع (البنيوية (عمارة)) المحتويات التالية : العمارة والمعمار، الاتجاهات المعمارية في المشرق العربي، الحداثة وما بعد الحداثة، الحاجة، القيمة والمعايير، التعامل، الشك والتشخص، العالم والتقني، الاستاتيكية، الفن، الجمال، الابتمالية، الاستاتيكية، الفن والجمال ... إلخ.
590 ## - LOCAL NOTE (RLIN)
Local note حمد.
650 #7 - SUBJECT ADDED ENTRY--TOPICAL TERM
Topical term or geographic name entry element البنيوية (عمارة)
Source of heading or term aucsh
650 #7 - SUBJECT ADDED ENTRY--TOPICAL TERM
Topical term or geographic name entry element العمارة
General subdivision فلسفة
Source of heading or term aucsh
650 #7 - SUBJECT ADDED ENTRY--TOPICAL TERM
Topical term or geographic name entry element الفن
General subdivision فلسفة
Source of heading or term aucsh
650 #7 - SUBJECT ADDED ENTRY--TOPICAL TERM
Topical term or geographic name entry element التصميم المعماري
Source of heading or term aucsh
650 #7 - SUBJECT ADDED ENTRY--TOPICAL TERM
Topical term or geographic name entry element العمارة الشرقية
Source of heading or term aucsh
650 #7 - SUBJECT ADDED ENTRY--TOPICAL TERM
Topical term or geographic name entry element الفنون الشرقية
Source of heading or term aucsh
942 ## - ADDED ENTRY ELEMENTS (KOHA)
Source of classification or shelving scheme Dewey Decimal Classification
Koha item type Books
Suppress in OPAC No
949 ## - LOCAL PROCESSING INFORMATION (OCLC)
a SA-JeALM
d 250128
u mohamedma123
n 1
Holdings
Withdrawn status Lost status Source of classification or shelving scheme Damaged status Not for loan Home library Current library Date acquired Total checkouts Full call number Barcode Date last seen Price effective from Koha item type
    Dewey Decimal Classification     DR AbdElwahab Library DR AbdElwahab Library 01/30/2025   720.1 ج ا د 000008583 01/30/2025 01/30/2025 Books